[Event "16th Asian Games Team Women"]
[Site "Guangzhou CHN"]
[Date "2010.11.23"]
[Round "6"]
[White "Shamima, Akter Liza"]
[Black "Harika, Dronavalli"]
[Result "1/2-1/2"]
[WhiteTitle "WFM"]
[BlackTitle "IM"]
[WhiteElo "2161"]
[BlackElo "2525"]
[WhiteTeam "BAN"]
[BlackTeam "IND"]
[WhiteFideId "10202587"]
[BlackFideId "5015197"]
[EventDate "2010.11.18"]

1. d4 d6 2. c4 Nd7 3. e4 g6 4. Nc3 Bg7 5. Be2 e5 6. d5 a5 7. Be3 b6 8. Qd2 Nc5
9. g4 Nf6 10. f3 h5 11. g5 Nh7 12. h4 Bd7 13. Nh3 O-O 14. Nf2 Kh8 15. O-O-O a4
16. Nd3 Be8 17. Kb1 Nxd3 18. Bxd3 Rg8 19. Bc2 Nf8 20. Rdf1 Qb8 21. Rc1 Ra5 22.
Qe2 Qa8 23. Bd2 Ra7 24. Qd1 c5 25. Bd3 Qb8 26. Qe2 Qd8 27. Rhg1 Ra8 28. Bc2 a3
29. b3 Nd7 30. Nb5 Nb8 31. Bd3 Qe7 32. Rcf1 Rf8 33. Bc1 f6 34. Nxa3 Na6 35. Nc2
Ra7 1/2-1/2

[Event "16th Asian Games Team Women"]
[Site "Guangzhou CHN"]
[Date "2010.11.23"]
[Round "6"]
[White "Karavade, Eesha"]
[Black "Sultana, Sharmin Shirin"]
[Result "1-0"]
[WhiteTitle "IM"]
[WhiteElo "2369"]
[BlackElo "1998"]
[WhiteTeam "IND"]
[BlackTeam "BAN"]
[WhiteFideId "5012600"]
[BlackFideId "10204482"]
[EventDate "2010.11.18"]

1. d4 d5 2. c4 c6 3. Nc3 Nf6 4. e3 g6 5. Nf3 Bg7 6. Be2 O-O 7. O-O dxc4 8. Bxc4
Bg4 9. h3 Bxf3 10. Qxf3 Nbd7 11. Rd1 e5 12. d5 e4 13. Nxe4 Nxe4 14. Qxe4 Nb6 15.
Bb3 cxd5 16. Bxd5 Nxd5 17. Rxd5 Qc7 18. Qd3 Rad8 19. e4 Rxd5 20. exd5 Qe5 21.
Be3 Rd8 22. Rd1 Qxb2 23. Bxa7 Bf8 24. Qb3 Qxb3 25. axb3 Be7 26. Bb6 Rd7 27. Kf1
f6 28. Ke2 Kf7 29. Ke3 Bd8 30. Bxd8 Rxd8 31. Kd4 Ke7 32. Re1+ Kd7 33. Re6 Rf8
34. Rb6 Kc7 35. Kc5 Rf7 36. Re6 f5 37. b4 f4 38. b5 f3 39. g3 Kd7 40. g4 Rf4 41.
Kb6 Rd4 42. Rf6 Ke7 43. Rxf3 Rxd5 44. Rc3 Kf6 45. Rc5 Rd2 46. Kxb7 Rxf2 47. Kc7 1-0

[Event "16th Asian Games Team Women"]
[Site "Guangzhou CHN"]
[Date "2010.11.23"]
[Round "6"]
[White "Khan, Nazrana"]
[Black "Meenakshi Subbaraman"]
[Result "0-1"]
[BlackTitle "WGM"]
[WhiteElo "2003"]
[BlackElo "2328"]
[WhiteTeam "BAN"]
[BlackTeam "IND"]
[WhiteFideId "10201734"]
[BlackFideId "5004381"]
[EventDate "2010.11.18"]

1. d4 d6 2. c4 e5 3. Nf3 e4 4. Nfd2 f5 5. e3 Nf6 6. Nc3 c6 7. g3 Be7 8. Rb1 Na6
9. b4 Nc7 10. Bb2 d5 11. c5 O-O 12. h4 Ng4 13. Be2 Qe8 14. Qb3 Kh8 15. b5 Qg6
16. Nf1 Ne6 17. f3 exf3 18. Bxf3 Nxe3 19. Ne2 Nxf1 20. Kxf1 f4 21. Kg2 fxg3 22.
Rbf1 Nf4+ 23. Nxf4 Rxf4 24. h5 Qe6 25. Re1 Qf7 26. Qe3 Bg5 27. Bc1 Bg4 28. Bxg4
Rf2+ 29. Qxf2 Qxf2+ 30. Kh3 g2 31. Bxg5 gxh1=Q+ 32. Rxh1 Rf8 33. Rg1 0-1

[Event "16th Asian Games Team Women"]
[Site "Guangzhou CHN"]
[Date "2010.11.23"]
[Round "6"]
[White "Mohota, Nisha"]
[Black "Begum, Masuda"]
[Result "1-0"]
[WhiteTitle "WGM"]
[WhiteElo "2325"]
[BlackElo "1917"]
[WhiteTeam "IND"]
[BlackTeam "BAN"]
[WhiteFideId "5004330"]
[BlackFideId "10200878"]
[EventDate "2010.11.18"]

1. d4 d5 2. c4 c6 3. Nf3 Bf5 4. cxd5 Bxb1 5. Rxb1 Qxd5 6. a3 Nf6 7. e3 Nbd7 8.
Qc2 e6 9. Bc4 Qe4 10. Bd3 Qg4 11. O-O Bd6 12. b4 O-O 13. Bb2 Qh5 14. h3 Rfc8 15.
e4 Bc7 16. Rfe1 a5 17. e5 Nd5 18. Re4 Bd8 19. Bc1 axb4 20. axb4 Be7 21. Kh2 f5
22. exf6 N7xf6 23. Rh4 Qe8 24. Bxh7+ Nxh7 25. Qxh7+ Kf8 26. Qh8+ Kf7 27. Ne5+
Kf6 28. Rh6+ Kf5 29. Qh7+ g6 30. Rxg6 Nf6 31. Rg5# 1-0

[Event "16th Asian Games Team Women"]
[Site "Guangzhou CHN"]
[Date "2010.11.23"]
[Round "6"]
[White "Geldyeva, Mekhri"]
[Black "Hoang, Thi Bao Tram"]
[Result "1/2-1/2"]
[WhiteTitle "WGM"]
[BlackTitle "WGM"]
[WhiteElo "2279"]
[BlackElo "2271"]
[WhiteTeam "TKM"]
[BlackTeam "VIE"]
[WhiteFideId "14000059"]
[BlackFideId "12401102"]
[EventDate "2010.11.18"]

1. d4 d5 2. c4 c6 3. Nc3 Nf6 4. Nf3 dxc4 5. a4 Bf5 6. e3 e6 7. Bxc4 Bb4 8. O-O
Nbd7 9. Qb3 Qb6 10. h3 O-O 11. Nh4 Bd6 12. Qd1 Rad8 13. Nxf5 exf5 14. Qf3 g6 15.
a5 Qc7 16. e4 Nxe4 17. Nxe4 fxe4 18. Qxe4 Nf6 19. Qf3 Be7 20. Bf4 Qd7 21. Rfe1
Rfe8 22. Bg5 Kg7 23. d5 h6 24. dxc6 Qxc6 25. Qxc6 bxc6 26. Be3 Bb4 27. Red1
Rxd1+ 28. Rxd1 Bxa5 29. Rd6 c5 30. g4 Bd8 31. b3 Be7 32. Rc6 Rd8 33. Kg2 Rd7 34.
Bc1 Ne4 35. Bb2+ Kf8 36. Rc8+ Rd8 37. Rxd8+ Bxd8 38. Be5 Ke7 39. f3 Nd6 40. Bd5
f6 41. Bf4 g5 42. Be3 Bb6 43. Bd2 Nb5 44. f4 Bc7 45. f5 Nd4 46. Bc4 Be5 47. Kf2
Kd6 48. Ba5 Nc6 49. Be1 Ne7 50. Ke3 Nd5+ 51. Ke4 Nb4 52. Bxb4 cxb4 53. Be6 Kc5
54. Bf7 a5 1/2-1/2

[Event "16th Asian Games Team Women"]
[Site "Guangzhou CHN"]
[Date "2010.11.23"]
[Round "6"]
[White "Pham, Le Thao Nguyen"]
[Black "Hallaeva, Bahar"]
[Result "1-0"]
[WhiteTitle "WIM"]
[BlackTitle "WFM"]
[WhiteElo "2337"]
[BlackElo "2184"]
[WhiteTeam "VIE"]
[BlackTeam "TKM"]
[WhiteFideId "12401226"]
[BlackFideId "14000679"]
[EventDate "2010.11.18"]

1. d4 Nf6 2. c3 g6 3. Bf4 Bg7 4. e3 O-O 5. h3 d6 6. Nf3 Nbd7 7. Be2 Qe8 8. O-O
e5 9. Bh2 Qe7 10. c4 Ne4 11. Re1 b6 12. Na3 Bb7 13. Rc1 a6 14. Nc2 a5 15. Na3
Bh6 16. Rc2 Rfe8 17. Bf1 Ng5 18. Nxg5 Bxg5 19. Nb5 Rac8 20. Rce2 Bh4 21. Nc3 f5
22. Qc2 Qf7 23. b3 Bf6 24. Rd1 exd4 25. exd4 Rxe2 26. Bxe2 Qg7 27. Qd3 Re8 28.
Bg3 Kh8 29. Bf3 Bxf3 30. Qxf3 Nf8 31. Qc6 Qd7 32. Qxd7 Nxd7 33. Nb5 Bd8 34. Kf1
Kg8 35. f3 g5 36. Bf2 f4 37. Rd2 Kg7 38. d5 Kf7 39. Bd4 Ne5 40. Bxe5 Rxe5 41.
Re2 Ke7 42. Nd4 Kd7 43. Nc6 Rf5 44. a4 Rf7 45. Re6 Bf6 46. Ke2 Bg7 47. Kd3 Bf8
48. c5 Rf5 49. Ke4 Rf7 50. cxb6 cxb6 51. Kd4 Kc7 52. Re8 h5 53. Ra8 Rf6 54. Kc4
Rf5 55. Ra7+ Kc8 56. Kb5 1-0

[Event "16th Asian Games Team Women"]
[Site "Guangzhou CHN"]
[Date "2010.11.23"]
[Round "6"]
[White "Al-Khelaifi, Salama"]
[Black "Tuvshintugs, Batchimeg"]
[Result "0-1"]
[WhiteTitle "WFM"]
[BlackTitle "WGM"]
[WhiteElo "1761"]
[BlackElo "2327"]
[WhiteTeam "QAT"]
[BlackTeam "MGL"]
[WhiteFideId "12100048"]
[BlackFideId "4900839"]
[EventDate "2010.11.18"]

1. d4 Nf6 2. Nc3 c5 3. d5 d6 4. e4 g6 5. Bg5 Qb6 6. Qc1 h6 7. Bd2 Bg7 8. f3 Nbd7
9. Bb5 a6 10. Bxd7+ Nxd7 11. Nge2 Ne5 12. b3 g5 13. h3 Ng6 14. Rb1 Qc7 15. O-O
Be5 16. Qe1 Rg8 17. Na4 b6 18. Bc3 Bd7 19. Nb2 b5 20. Ba5 Qc8 21. Bc3 Bxc3 22.
Qxc3 Nh4 23. Rf2 Ng6 24. Qe3 Qc7 25. Qd2 O-O-O 26. c4 b4 27. Nd3 Rdf8 28. a3 a5
29. axb4 axb4 30. Ra1 Kb7 31. Nec1 Ra8 32. Ra2 Rxa2 33. Qxa2 h5 34. Qa1 g4 35.
Ra2 Qb6 36. Kh2 gxf3 37. gxf3 Nh4 38. Rf2 Qd8 39. e5 Bf5 40. Qa4 Qb6 41. f4 Ra8
42. Qb5 Qxb5 43. cxb5 Rg8 44. Nb2 Be4 45. Ne2 Nf3+ 46. Kh1 Nxe5+ 47. Kh2 Nf3+
48. Kh1 Bxd5 49. Nc4 Ne1+ 50. Kh2 Nd3 51. Ne3 Be4 52. Rf1 h4 53. Ng4 f5 54. Ne3
d5 55. Rg1 Ra8 56. Nc1 Nxf4 57. Rg7 Ra1 58. Rh7 Rxc1 59. Rxe7+ Kb6 60. Nxd5+
Nxd5 61. Re6+ Kb7 62. Rb6+ Kc7 63. Rc6+ Kd7 0-1

[Event "16th Asian Games Team Women"]
[Site "Guangzhou CHN"]
[Date "2010.11.23"]
[Round "6"]
[White "Enkhtuul, Altanulzii"]
[Black "Safar, Reem"]
[Result "1-0"]
[WhiteTitle "WCM"]
[BlackTitle "WFM"]
[WhiteElo "2121"]
[BlackElo "1734"]
[WhiteTeam "MGL"]
[BlackTeam "QAT"]
[WhiteFideId "4901444"]
[BlackFideId "12100269"]
[EventDate "2010.11.18"]

1. Nf3 f5 2. c4 Nf6 3. Nc3 g6 4. e3 Bg7 5. Be2 O-O 6. d3 d6 7. Qb3 Kh8 8. Nd2 e5
9. h4 Qe8 10. Nd5 Nxd5 11. cxd5 Nd7 12. h5 e4 13. hxg6 Qxg6 14. dxe4 fxe4 15. g3
Ne5 16. Qc2 Nd3+ 17. Bxd3 exd3 18. Qc4 Bf5 19. Qh4 Rae8 20. a4 Qf7 21. a5 Bg6
22. Rh2 Qxd5 23. Qg4 Qf7 24. Qh4 Qd5 25. Qg4 Qf5 26. Ra4 Re5 27. a6 b6 28. Qxf5
Rfxf5 29. g4 Rf7 30. Kd1 Rb5 31. f4 Re7 32. Nf3 Be8 33. Ra3 Bc6 34. Ng5 Bf6 35.
Nh3 Bf3+ 36. Ke1 Bxg4 37. Nf2 Bxb2 38. Bxb2+ Ree5 39. Bxe5+ 1-0

[Event "16th Asian Games Team Women"]
[Site "Guangzhou CHN"]
[Date "2010.11.23"]
[Round "6"]
[White "You, Garam"]
[Black "Pourkashiyan, Atousa"]
[Result "0-1"]
[BlackTitle "WGM"]
[WhiteElo "1425"]
[BlackElo "2367"]
[WhiteTeam "KOR"]
[BlackTeam "IRI"]
[WhiteFideId "13200208"]
[BlackFideId "12502014"]
[EventDate "2010.11.18"]

1. e4 c5 2. Nf3 e6 3. d4 cxd4 4. Nxd4 a6 5. Nc3 Qc7 6. Bd3 Nf6 7. O-O d6 8. Re1
Be7 9. Nde2 O-O 10. Kh1 b5 11. Ng1 Bb7 12. a3 Nbd7 13. f3 d5 14. exd5 Nxd5 15.
Nxd5 Bxd5 16. Be3 Bd6 17. g3 Rfd8 18. Nh3 h6 19. Nf4 Bc6 20. Be2 Nf6 21. Qc1
Rac8 22. c3 Ng4 23. Kg1 Bxf4 24. Bxf4 Qa7+ 0-1

[Event "16th Asian Games Team Women"]
[Site "Guangzhou CHN"]
[Date "2010.11.23"]
[Round "6"]
[White "Hejazipour, Mitra"]
[Black "Byun, Sungwon"]
[Result "1-0"]
[WhiteTitle "WFM"]
[BlackTitle "WCM"]
[WhiteElo "2268"]
[BlackElo "1612"]
[WhiteTeam "IRI"]
[BlackTeam "KOR"]
[WhiteFideId "12505951"]
[BlackFideId "13200852"]
[EventDate "2010.11.18"]

1. d4 d5 2. c4 e6 3. Nf3 Nf6 4. Nc3 Be7 5. Bg5 Nbd7 6. e3 O-O 7. Rc1 dxc4 8.
Bxc4 a6 9. a4 h6 10. Bh4 c6 11. Bd3 b5 12. O-O Bb7 13. Qe2 Re8 14. e4 Nf8 15. e5
Nd5 16. Bxe7 Nxe7 17. Ne4 Nc8 18. Nc5 Qb6 19. a5 Qc7 20. Nd2 Rd8 21. Qg4 Ne7 22.
Rfe1 Nfg6 23. Ndb3 Rab8 24. h4 Qc8 25. h5 Nh8 26. Qe4 g6 27. Qh4 Nf5 28. Bxf5 g5
29. Bh7+ Kxh7 30. Qe4+ Kg7 31. Re3 Rg8 32. Rf3 Qc7 33. Rf6 Rbe8 34. f4 gxf4 35.
Qxf4 Re7 36. Qxh6# 1-0

[Event "16th Asian Games Team Women"]
[Site "Guangzhou CHN"]
[Date "2010.11.23"]
[Round "6"]
[White "Kim, Taegyeong"]
[Black "Hakimifard, Ghazal"]
[Result "0-1"]
[BlackTitle "WFM"]
[WhiteElo "1515"]
[BlackElo "2189"]
[WhiteTeam "KOR"]
[BlackTeam "IRI"]
[WhiteFideId "13200976"]
[BlackFideId "12506540"]
[EventDate "2010.11.18"]

1. d4 Nf6 2. c4 e6 3. Nc3 Bb4 4. Qc2 O-O 5. a3 Bxc3+ 6. Qxc3 b6 7. Bg5 Bb7 8.
Nf3 d6 9. Nd2 Nbd7 10. f3 h6 11. Bxf6 Qxf6 12. e4 Qg5 13. Qc2 Qe3+ 14. Be2 Qxd4
15. Rb1 Rae8 16. Qa4 Nc5 17. Qc2 Bc6 18. b4 Ba4 19. Qb2 Nd3+ 20. Bxd3 Qxd3 21.
Nf1 f5 22. Qd2 Qxb1+ 23. Ke2 fxe4 24. Ng3 exf3+ 25. gxf3 Qb3 26. Qd3 Qxd3+ 27.
Kxd3 Rxf3+ 28. Ke2 Rxa3 0-1

[Event "16th Asian Games Team Women"]
[Site "Guangzhou CHN"]
[Date "2010.11.23"]
[Round "6"]
[White "Ghader Pour, Shayesteh"]
[Black "Kim, Hyoyoung"]
[Result "1-0"]
[WhiteTitle "WIM"]
[WhiteElo "2208"]
[BlackElo "1355"]
[WhiteTeam "IRI"]
[BlackTeam "KOR"]
[WhiteFideId "12500747"]
[BlackFideId "13200585"]
[EventDate "2010.11.18"]

1. e4 e5 2. Nf3 Nc6 3. Bb5 a6 4. Ba4 Nf6 5. O-O Be7 6. Re1 b5 7. Bb3 d6 8. c3
O-O 9. h3 Na5 10. Bc2 c5 11. d4 Nd7 12. b3 exd4 13. cxd4 Nc6 14. Bb2 f6 15. Nc3
Nb4 16. Bb1 Bb7 17. a3 Nc6 18. Qd3 cxd4 19. Nxd4 Nde5 20. Qd2 Rc8 21. Ne6 Qd7
22. Nxf8 Rxf8 23. Qe3 Na5 24. Bc2 Qe6 25. Ne2 Rc8 26. Rac1 d5 27. Nf4 Qf7 28.
exd5 g5 29. Ne6 Bxd5 30. Nxg5 fxg5 31. Qxe5 Kf8 32. Bxh7 Bf6 33. Rxc8+ Kg7 34.
Qxf6+ Qxf6 35. Bxf6+ Kxf6 36. Bg8 Bxb3 37. Bxb3 Nxb3 38. Rc6+ 1-0

[Event "16th Asian Games Team Women"]
[Site "Guangzhou CHN"]
[Date "2010.11.24"]
[Round "7.1"]
[White "Tania, Sachdev"]
[Black "Al-Jelda, Fatma"]
[Result "1-0"]
[WhiteTitle "IM"]
[WhiteElo "2385"]
[BlackElo "1836"]
[WhiteTeam "IND"]
[BlackTeam "SYR"]
[WhiteFideId "5007844"]
[BlackFideId "7600291"]
[EventDate "2010.11.18"]

1. d4 e6 2. c4 Bb4+ 3. Bd2 Nf6 4. Nf3 Qe7 5. g3 Ne4 6. Bg2 d5 7. O-O O-O 8. Bf4
Bd6 9. Bxd6 Nxd6 10. c5 Ne4 11. Nbd2 Nxd2 12. Qxd2 b6 13. b4 bxc5 14. bxc5 Ba6
15. Rfe1 Nd7 16. Qa5 Nb8 17. Rab1 1-0

[Event "16th Asian Games Team Women"]
[Site "Guangzhou CHN"]
[Date "2010.11.24"]
[Round "7.3"]
[White "Meenakshi Subbaraman"]
[Black "Mir Mahmoud, Afamia"]
[Result "1-0"]
[WhiteTitle "WGM"]
[WhiteElo "2328"]
[BlackElo "2010"]
[WhiteTeam "IND"]
[BlackTeam "SYR"]
[WhiteFideId "5004381"]
[BlackFideId "7600674"]
[EventDate "2010.11.18"]

1. d4 d5 2. c4 c6 3. Nf3 Nf6 4. Nc3 dxc4 5. a4 Bf5 6. e3 e6 7. Bxc4 Bb4 8. O-O
Nbd7 9. h3 O-O 10. Qe2 Bg6 11. Rd1 Qc7 12. Nh4 Rac8 13. Nxg6 hxg6 14. Bd2 a5 15.
Rac1 Qb8 16. e4 Nb6 17. Bb3 Rfe8 18. e5 Nfd5 19. Ne4 Rcd8 20. Bxb4 Nxb4 21. h4
N6d5 22. g3 Qc7 23. h5 gxh5 24. Qxh5 f6 25. Kg2 Qf7 26. Qxf7+ Kxf7 27. Nd6+ Rxd6
28. exd6 Rd8 29. Bxd5 exd5 30. Re1 Rxd6 31. Re3 b6 32. g4 Re6 33. Kf3 Ke7 34.
Rce1 Rxe3+ 35. fxe3 c5 36. Rh1 c4 37. Ke2 Ke6 38. Rh8 f5 39. g5 Kf7 40. Rb8 Kg6
41. Rxb6+ Kxg5 42. Rb5 Nd3 43. Rxd5 Nxb2 44. Rxa5 c3 45. Ra7 Kf6 46. a5 g5 47.
Rc7 1-0

[Event "16th Asian Games Team Women"]
[Site "Guangzhou CHN"]
[Date "2010.11.24"]
[Round "7.7"]
[White "Boshra, Alshaeby"]
[Black "Huang, Qian"]
[Result "0-1"]
[BlackTitle "WGM"]
[WhiteElo "1807"]
[BlackElo "2402"]
[WhiteTeam "JOR"]
[BlackTeam "CHN"]
[WhiteFideId "8102937"]
[BlackFideId "8602689"]
[EventDate "2010.11.18"]

1. d4 Nf6 2. c4 g6 3. Nc3 Bg7 4. e4 d6 5. f3 O-O 6. Bg5 Nbd7 7. Qd2 e5 8. Nge2
c6 9. O-O-O Qc7 10. Bh6 b5 11. Bxg7 Kxg7 12. cxb5 cxb5 13. Kb1 b4 14. dxe5 dxe5
15. Nd5 Nxd5 16. Qxd5 Nb6 17. Qa5 Be6 18. Qxb4 Nc4 19. b3 Rfc8 20. Nc1 Ne3 0-1

[Event "16th Asian Games Team Women"]
[Site "Guangzhou CHN"]
[Date "2010.11.24"]
[Round "7.9"]
[White "Muminova, Nafisa"]
[Black "Hoang, Thi Bao Tram"]
[Result "1/2-1/2"]
[WhiteTitle "WIM"]
[BlackTitle "WGM"]
[WhiteElo "2360"]
[BlackElo "2271"]
[WhiteTeam "UZB"]
[BlackTeam "VIE"]
[WhiteFideId "14201526"]
[BlackFideId "12401102"]
[EventDate "2010.11.18"]

1. e4 c6 2. d4 d5 3. Nc3 dxe4 4. Nxe4 Bf5 5. Ng3 Bg6 6. Nf3 Nd7 7. Bd3 e6 8. O-O
Ngf6 9. Re1 Be7 10. a3 O-O 11. c4 Re8 12. Bxg6 hxg6 13. Bf4 b5 14. Rc1 bxc4 15.
Rxc4 Nd5 16. Bc1 c5 17. dxc5 Bxc5 18. b4 Bf8 19. Ng5 N7f6 20. Qf3 Rc8 21. Rh4
Rc3 22. Qd1 Qc7 23. Bb2 Rc4 24. Rxc4 Qxc4 25. Qc1 Rc8 26. Qxc4 Rxc4 27. Rc1 Nb6
28. Kf1 Bd6 29. Rxc4 Nxc4 30. Bc1 Nd5 31. Ne2 Kf8 32. Ne4 Be5 33. Nd2 Ndb6 34.
Nxc4 Nxc4 35. f4 Bf6 36. Kf2 Ke8 37. Kf3 Kd7 38. Ke4 1/2-1/2

[Event "16th Asian Games Team Women"]
[Site "Guangzhou CHN"]
[Date "2010.11.24"]
[Round "7.10"]
[White "Pham, Le Thao Nguyen"]
[Black "Sabirova, Olga"]
[Result "1/2-1/2"]
[WhiteTitle "WIM"]
[BlackTitle "WIM"]
[WhiteElo "2337"]
[BlackElo "2205"]
[WhiteTeam "VIE"]
[BlackTeam "UZB"]
[WhiteFideId "12401226"]
[BlackFideId "14200201"]
[EventDate "2010.11.18"]

1. d4 f5 2. g3 g6 3. Bg2 Nf6 4. c3 Bg7 5. Nd2 d5 6. Nh3 O-O 7. Nf3 e6 8. Nf4 Re8
9. h4 Ne4 10. Nd3 Nd7 11. Bf4 c5 12. Nfe5 cxd4 13. cxd4 Nxe5 14. dxe5 b6 15. Rc1
Ba6 16. O-O Qe7 17. Bf3 h6 18. Be3 g5 19. hxg5 hxg5 20. Bd4 Rec8 21. Re1 Bh6 22.
g4 Rc4 23. e3 Rac8 24. a3 Bb7 25. Bg2 Bf8 26. f3 Rxc1 27. Nxc1 Nc5 28. Nd3 Qf7
29. b4 Nxd3 30. Qxd3 Rc4 31. Rd1 1/2-1/2

[Event "16th Asian Games Team Women"]
[Site "Guangzhou CHN"]
[Date "2010.11.24"]
[Round "7.11"]
[White "Hamrakulova, Yulduz"]
[Black "Nguyen, Thi Thanh An"]
[Result "1/2-1/2"]
[WhiteTitle "WIM"]
[BlackTitle "WGM"]
[WhiteElo "2180"]
[BlackElo "2300"]
[WhiteTeam "UZB"]
[BlackTeam "VIE"]
[WhiteFideId "14201151"]
[BlackFideId "12400300"]
[EventDate "2010.11.18"]

1. d4 Nf6 2. c4 g6 3. Nc3 Bg7 4. e4 d6 5. Nf3 O-O 6. Be2 e5 7. O-O Nc6 8. d5 Ne7
9. b4 Ne8 10. c5 f5 11. Bc4 Kh8 12. Nd2 Ng8 13. Be2 Ngf6 14. Ba3 fxe4 15. Ndxe4
Nxe4 16. Nxe4 Qh4 17. Ng3 Bd7 18. Rc1 Rf4 19. Qb3 Rd8 20. Rc4 Nf6 21. Bc1 Rxc4
22. Qxc4 Qxc4 23. Bxc4 dxc5 24. bxc5 Ba4 25. Bg5 h6 26. Bxf6 Bxf6 27. Ne4 Kg7
28. Rc1 Bd7 29. Bb3 Bf5 30. f3 Bxe4 31. fxe4 Bg5 32. Rc3 Bd2 33. Rf3 1/2-1/2

[Event "16th Asian Games Team Women"]
[Site "Guangzhou CHN"]
[Date "2010.11.24"]
[Round "7.12"]
[White "Nguyen, Thi Mai Hung"]
[Black "Nodirjanova, Nodira"]
[Result "1/2-1/2"]
[WhiteTitle "WIM"]
[WhiteElo "2253"]
[BlackElo "2149"]
[WhiteTeam "VIE"]
[BlackTeam "UZB"]
[WhiteFideId "12401676"]
[BlackFideId "14201232"]
[EventDate "2010.11.18"]

1. d4 d5 2. Bf4 c5 3. e3 Nc6 4. c3 Qb6 5. Qb3 c4 6. Qxb6 axb6 7. Nd2 b5 8. e4 e6
9. g3 Nf6 10. Bg2 Be7 11. Ne2 O-O 12. O-O Rd8 13. a3 Nh5 14. exd5 exd5 15. Be3
Nf6 16. h3 h6 17. g4 g5 18. f4 Ne8 19. fxg5 hxg5 20. Ng3 Ng7 21. Rae1 f6 22. Rf3
Be6 23. Bf2 Rd7 24. Ndf1 Rf8 25. Ne3 Bd8 26. Nef5 Nxf5 27. Nxf5 Bxf5 28. Rxf5
Ne7 29. Rf3 Bc7 30. Re6 Kg7 31. Bg3 Nc8 32. Bxc7 Rxc7 33. Rf5 Ne7 34. Rf1 Ng6
35. Rfe1 Nf4 1/2-1/2

[Event "16th Asian Games Team Women"]
[Site "Guangzhou CHN"]
[Date "2010.11.24"]
[Round "7.14"]
[White "Sultana, Sharmin Shirin"]
[Black "Hejazipour, Mitra"]
[Result "0-1"]
[BlackTitle "WFM"]
[WhiteElo "1998"]
[BlackElo "2268"]
[WhiteTeam "BAN"]
[BlackTeam "IRI"]
[WhiteFideId "10204482"]
[BlackFideId "12505951"]
[EventDate "2010.11.18"]

1. d4 Nf6 2. c4 e6 3. Nc3 Bb4 4. Qc2 O-O 5. Bg5 c5 6. e3 cxd4 7. exd4 Nc6 8. Nf3
h6 9. Bh4 d5 10. Rd1 Be7 11. Be2 b6 12. a3 Bb7 13. O-O Rc8 14. Bxf6 Bxf6 15.
cxd5 exd5 16. Qf5 Ne7 17. Qh5 Ng6 18. g3 Re8 19. Bd3 Nf8 20. Rfe1 Ne6 21. Qg4
Rc7 22. Ne5 Bc8 23. Bf5 a6 24. h4 Qd6 25. Qf3 Bb7 26. Bb1 Nxd4 27. Rxd4 Rxe5 28.
Red1 Qe6 29. Kh2 Rd7 30. Qd3 g6 31. Ba2 Rf5 32. Nxd5 Bxd4 33. Qxd4 Bxd5 0-1

[Event "16th Asian Games Team Women"]
[Site "Guangzhou CHN"]
[Date "2010.11.24"]
[Round "7.16"]
[White "Khan, Nazrana"]
[Black "Ghader Pour, Shayesteh"]
[Result "0-1"]
[BlackTitle "WIM"]
[WhiteElo "2003"]
[BlackElo "2208"]
[WhiteTeam "BAN"]
[BlackTeam "IRI"]
[WhiteFideId "10201734"]
[BlackFideId "12500747"]
[EventDate "2010.11.18"]

1. d4 Nf6 2. c4 e6 3. Nf3 Bb4+ 4. Bd2 a5 5. Nc3 b6 6. g3 Bb7 7. Bg2 O-O 8. Qc2
d5 9. b3 Nbd7 10. O-O Rc8 11. a3 Be7 12. cxd5 exd5 13. Qb2 Ne4 14. Rfd1 Bf6 15.
Nxe4 dxe4 16. Ne5 Qe7 17. Nxd7 Qxd7 18. Bc3 Bd5 19. b4 a4 20. Qd2 Qe6 21. Bb2
Rfd8 22. e3 Bb3 23. Rdc1 c5 24. Qe2 cxd4 25. Bxd4 Bc4 26. Qc2 Bxd4 27. exd4 Rxd4
28. Qxa4 Rcd8 29. Re1 f5 30. Qc2 Rd2 31. Qa4 Qd5 32. Bf1 Bxf1 33. Rxf1 Ra8 34.
Qd1 Rxd1 35. Rfxd1 Qb3 36. Rdb1 Qf3 37. Re1 Rxa3 38. Rac1 Ra2 0-1

[Event "16th Asian Games Team Women"]
[Site "Guangzhou CHN"]
[Date "2010.11.24"]
[Round "7.19"]
[White "Safar, Reem"]
[Black "Ovezova, Maisa"]
[Result "0-1"]
[WhiteTitle "WFM"]
[BlackTitle "WFM"]
[WhiteElo "1734"]
[BlackElo "2087"]
[WhiteTeam "QAT"]
[BlackTeam "TKM"]
[WhiteFideId "12100269"]
[BlackFideId "14000393"]
[EventDate "2010.11.18"]

1. d4 d5 2. c4 c6 3. Nc3 g6 4. e3 Nf6 5. Nf3 Bg7 6. Bd3 Nbd7 7. O-O O-O 8. e4
dxe4 9. Nxe4 Nxe4 10. Bxe4 Nf6 11. Bc2 Bg4 12. Be3 Nh5 13. d5 cxd5 14. cxd5 b6
15. Rb1 Rc8 16. Bb3 Bf5 17. Rc1 Bxb2 18. Rxc8 Bxc8 19. Qc2 Bg7 20. Rc1 a6 21.
Qc7 b5 22. Bb6 Qxc7 23. Rxc7 Bf6 24. Bc5 Rd8 25. Bxe7 Bxe7 26. Rxe7 Nf6 27. h3
Rd7 28. Rxd7 Nxd7 29. Nd4 Kg7 30. Kf1 Kf6 31. f4 Ke7 32. d6+ Kxd6 33. Bxf7 Nf6
34. Ke2 Bb7 35. g4 Bd5 36. Bxd5 Nxd5 37. Kf3 Nc3 38. a3 Nb1 39. Nc2 a5 40. Ke4
Nd2+ 41. Ke3 Nb3 42. Ke4 Nc5+ 43. Kd4 Na6 44. f5 gxf5 45. gxf5 b4 46. axb4 Nxb4
47. Na3 Ke7 48. Ke5 Nd3+ 49. Kd4 Nf2 50. h4 Kf6 51. Ke3 Ng4+ 52. Kd4 Kxf5 53.
Kc5 Ne3 54. Kb5 h5 55. Kxa5 Kg4 56. Nb1 Kxh4 57. Nd2 Kg3 58. Kb4 h4 59. Kc3 h3
60. Ne4+ Kg2 61. Kd2 h2 0-1

[Event "16th Asian Games Team Women"]
[Site "Guangzhou CHN"]
[Date "2010.11.24"]
[Round "7.21"]
[White "Lim, Hakyung"]
[Black "Lkhamsuren, Uuganbayar"]
[Result "0-1"]
[WhiteElo "1570"]
[BlackElo "2181"]
[WhiteTeam "KOR"]
[BlackTeam "MGL"]
[WhiteFideId "13200615"]
[BlackFideId "4901347"]
[EventDate "2010.11.18"]

1. d4 d5 2. c4 e6 3. Nc3 Nf6 4. cxd5 exd5 5. Bg5 Bb4 6. e3 O-O 7. Bd3 Re8 8. Ne2
h6 9. Bh4 c6 10. a3 Be7 11. Qc2 Nbd7 12. O-O Ne4 13. Bxe7 Qxe7 14. b4 Qh4 15. b5
Ndf6 16. Bxe4 dxe4 17. bxc6 bxc6 18. Ng3 Ng4 19. h3 Nxe3 20. Qc1 Nxf1 21. Kxf1
e3 22. Qe1 Ba6+ 23. Kg1 Qxd4 0-1